|
|
|
|
| LEADER |
00958nam a22002417a 4500 |
| 001 |
37663 |
| 003 |
BD-DhAAL |
| 008 |
220208t2021 bg a|||| b||| 00| 0 eng d |
| 999 |
|
|
|c 43461
|d 43461
|
| 020 |
|
|
|a 9789849566861
|
| 040 |
|
|
|a BD-DhAAL
|
| 082 |
|
|
|a 307.1412095492
|2 23
|
| 100 |
|
|
|a Khan, Tanvir A.
|9 45555
|
| 245 |
|
|
|a Looking back :
|b the implementation of rural poor programmes in Bangladesh /
|c Tanvir Ahmed Khan
|
| 246 |
|
|
|a Looking back
|
| 260 |
|
|
|a Dhaka :
|b Toitomboor,
|c 2021.
|
| 300 |
|
|
|a 408 pages ;
|b 23 cm.
|
| 504 |
|
|
|a Includes bibliographical references (pages 396-405).
|
| 541 |
|
|
|a Gift from Professor Tanvir Ahmed Khan
|e 37663
|
| 650 |
|
|
|a Rural development
|z Bangladesh.
|9 45556
|
| 852 |
|
|
|a Ayesha Abed Library
|c General Stacks
|
| 942 |
|
|
|2 ddc
|c BK
|
| 952 |
|
|
|0 0
|1 0
|2 ddc
|4 0
|6 307_141209549200000_KHA
|7 0
|9 69731
|a BRACUL
|b BRACUL
|c GEN
|d 2022-02-08
|e Gift from professor Tanvir Ahmed Khan
|l 0
|o 307.1412095492 KHA
|p 3010037663
|r 2022-02-08
|t 1
|w 2022-02-08
|y BK
|